000 00626nam a22002297a 4500
003 OSt
005 20140310182800.0
008 130213t xxu||||| |||| 00| 0 eng d
020 _a0072902000
050 _aMT 90
_b.K15 2000
082 _aM 780.21
_bK15 2000
245 _aMusic
_ban appreciation
_cKamien, Roger
250 _a7th ed.
260 _aBoston, Mass.
_bMcGraw-Hill
_cc2000
300 _a 456 p.
_c26 cm.
_b ill. (some col.) + 1 sound disc (digital ; 4 3/4 in.)
521 _acollege students
526 _c1210L-1700L
541 _j1
541 _j2
562 _e2
942 _2lcc
_cBK
_kM
999 _c15956
_d15956